000 00443nam a22001697a 4500
003 CEME
005 20210628203713.0
008 210324b xxu||||| |||| 00| 0 eng d
020 _a81-7319-032-1
040 _c.
082 _a004.3 GHO'F
100 _aMoona, Rajat , Ghose, Raten K , Gupta, Phalguni
_966939
245 _aFoundations of parallel processing
260 _aNEW DELHI
_bNAROSA
_c1995
300 _aXIV,251P
942 _cBK
_2ddc
999 _c574797
_d574797